The concept of equality / (Record no. 165041)

MARC details
000 -LEADER
fixed length control field 00524nam a22001817a 4500
005 - DATE AND TIME OF LATEST TRANSACTION
control field 20190603165039.0
010 ## - LCCN (DPL NO)
LC control number ENG-125462
020 ## - INTERNATIONAL STANDARD BOOK NUMBER
International Standard Book Number 9789350451700
Terms of availability 500.00
035 ## - SYSTEM CONTROL NUMBER
System control number EN-108994
037 ## - SOURCE OF ACQUISITION
Source of stock number/acquisition DBAD/PUB
082 ## - DEWEY DECIMAL CLASSIFICATION NUMBER
Classification number 305
100 ## - MAIN ENTRY--PERSONAL NAME
Personal name Bhattacharya, Susmita
245 ## - TITLE STATEMENT
Title The concept of equality /
Statement of responsibility, etc by Susmita Bhattacharya
260 ## - PUBLICATION, DISTRIBUTION, ETC. (IMPRINT)
Place of publication, distribution, etc Calcutta
Name of publisher, distributor, etc Writers Workshop Book
Date of publication, distribution, etc 2018
270 ## - ADDRESS
Address 162/92, Lake Garden,
City Culcutta
Postal code 700045
300 ## - PHYSICAL DESCRIPTION
Extent 243p.
Dimensions 22cm(Hb)
942 ## - ADDED ENTRY ELEMENTS (KOHA)
Source of classification or shelving scheme Dewey Decimal Classification
Item type English Books
Classification part 305
Call number suffix BHA
Holdings
Withdrawn status Lost status Not for loan Collection code Home library Current library Date acquired Source of acquisition Cost, normal purchase price Full call number Barcode Copy number Cost, replacement price Koha item type
      Non-fiction Central Library Central Library 03/06/2019 DBAD/PUB 500.00 305 BHA EN-108994 1 500.00 English Books

© Delhi Public Library
Hit Counter
free hit counter